Cómo trabaja Google / (Registro nro. 37971)
[ vista simple ]
| 000 -CABECERA | |
|---|---|
| Longitud fija campo de control | 00906nam a2200229 4500 |
| 003 - • IDENTIFICADOR DELl NÚMERO DE CONTROL | |
| Identificador del número de control | CO-ViMGA |
| 020 ## - • NÚMERO INTERNACIONAL NORMALIZADO PARA LIBROS | |
| Número Internacional Normalizado para Libros (ISBN) | 978-958-8912-69-1 |
| 040 ## - FUENTE DE LA CATALOGACIÓN | |
| Centro catalogador de origen | CO-ViMGA |
| Lengua de catalogación | spa |
| Centro transcriptor | CO-ViMGA |
| 082 04 - • NÚMERO DE LA CLASIFICACIÓN DECIMAL DEWEY | |
| Número de clasificación (R) | 025.524 |
| Número del ítem | S13c |
| 100 1# - • PUNTO DE ACCESO PRINCIPAL-NOMBRE DE PERSONA | |
| Nombre de persona | Schmidt, Eric, |
| Fechas asociadas al nombre | 1955- |
| 245 10 - • TITULO PROPIAMENTE DICHO | |
| Título | Cómo trabaja Google / |
| Mención de responsabilidad, etc. | Eric Schmidt y Jonathan Rosenberg ; con Alan Eagle ; prólogo de Larry Page ; [ilustraciones, Nishant Choksi ; traducción, Vicente Herrasti] |
| 300 ## - • DESCRIPCIÓN FÍSICA | |
| Extensión | 383 p. : |
| Otras características físicas | il., diagr., fot. byn ; 23 cm |
| 650 14 - • PUNTO DE ACCESO ADICIONAL DE MATERIA - TÉRMINO DE MATERIA | |
| Término de materia o nombre geográfico como elemento inicial | |
| Subdivisión de materia general | Administración |
| 650 14 - • PUNTO DE ACCESO ADICIONAL DE MATERIA - TÉRMINO DE MATERIA | |
| Término de materia o nombre geográfico como elemento inicial | Motores de búsqueda |
| Subdivisión de materia general | Administración |
| Subdivisión geográfica | Estados Unidos |
| 700 1# - • PUNTO DE ACCESO ADICIONAL - NOMBRE DE PERSONA | |
| Nombre de persona | Choksi, Nishant, |
| Término indicativo de función | ilustrador |
| 700 1# - • PUNTO DE ACCESO ADICIONAL - NOMBRE DE PERSONA | |
| Nombre de persona | Eagle, Alan |
| 700 1# - • PUNTO DE ACCESO ADICIONAL - NOMBRE DE PERSONA | |
| Nombre de persona | Herrasti, Vicente, |
| Término indicativo de función | traductor |
| 700 1# - • PUNTO DE ACCESO ADICIONAL - NOMBRE DE PERSONA | |
| Nombre de persona | Page, Larry, |
| Fechas asociadas al nombre | 1973- |
| Término indicativo de función | prólogo |
| 700 1# - • PUNTO DE ACCESO ADICIONAL - NOMBRE DE PERSONA | |
| Nombre de persona | Rosenberg, Jonathan, |
| Fechas asociadas al nombre | 1961- |
| 942 ## - ENTRADA DE ELEMENTOS AGREGADOS (KOHA) | |
| Fuente de clasificaión o esquema | Dewey Decimal Classification |
| Koha [por defecto] tipo de item | LIbro |
| Perdido | Fuente de clasificación o esquema | Estado Físico | No para préstamo | Forma de adquisición | Localización permanente | Localización actual | Fecha adquisición | Préstamos totales | Renovaciones totales | Signatura completa | Código de barras | Fecha última consulta | Fecha último préstamo | Fecha del precio de reemplazo | Tipo de item de Koha |
|---|---|---|---|---|---|---|---|---|---|---|---|---|---|---|---|
| Dewey Decimal Classification | Sala General Segundo Piso | Biblioteca Pública Germán Arciniegas - Villavicencio | Biblioteca Pública Germán Arciniegas - Villavicencio | 05/23/2017 | 1 | 1 | 025.524 S13c | 032175 | 04/10/2019 | 03/28/2019 | 05/23/2017 | LIbro |